00840nam a2200241 a 450000100100000000500170001000800410002702000150006804000250008304100380010808200170014610000170016324000410018024501280022126000440034930000260039353400610041965000350048065000160051565000230053165000270055470000170058100002142920200930011326.0100907s1997 sp r 000 0 spa d a8488066538 aDO-SdBNPbspacBNPHU17aspaheng2Código de idioma MARC a618.2bM271n1 aMandel, Bob,10aBirth and relationships.lEspañol.10aNacimiento y relaciones :bla conexión entre tu tipo de nacimiento y tu forma de relacionarte /cBob Mandel y Sondra Ray. aMadrid, (España) :bNeoperson,c1997. a217, [2] p. ;c21 cm. pTítulo original en inglés:tBirth and relationships. 4aPartoxAspectos psicológicos 4aObstetricia 4aNiños prematuros 4aNiños recien nacidos1 aRay, Sondra,